Gorki'nin mektupları/ (Record no. 13969)

MARC details
000 -BAŞLIK
Sabit Uzunlukta Kontrol Alanı 00615nam a22002057a 4500
999 ## - SİSTEM KONTROL NUMARALARI (KOHA)
Koha Biblionumber 13969
Koha Biblioitemnumber 13969
003 - KONTROL NUMARASI IDENTIFIER
Denetim Alanı MIRAKIL
005 - SON İŞLEM TARİHİ VE ZAMANI
Denetim Alanı 20200826104332.0
008 - SABİT-BOY VERİ ELEMANLARI - GENEL BİLGİLER
Sabit Uzunlukta Kontrol Alanı 200826b tu ||||| |||| 00| 0 tur d
040 ## - KATALOGLAMA KAYNAK
Orijinal Kataloglama Ajansı TR-AnCHP
Metne Dönüştürmek Ajansı TR-AnCHP
041 ## - DİL KODU
Metin / Ses Parça Veya Ayrı Başlığın Dil Kodu tur
082 ## - DEWEY ONLU SINIFLANDIRMA NUMARASI
Sınıflandırma Numarası 891.73
Ürün Numarası G66g 1968
100 ## - ANA GİRİŞ - KİŞİSEL İSİM
Kişisel Ad Gorki, Maksim
245 10 - BAŞLIK TABLOSU
Başlık Gorki'nin mektupları/
Sorumluluk Tablosu, Vb Maksim Gorki; çeviren: Zeyyad Özalpsan.
260 ## - YAYIN, DAĞITIM, VB
Yayın, Dağıtım, Vb Yeri İstanbul:
Yayıncı, Dağıtıcı, Vs Adı Ararat Yayınevi,
Yayın, Dağıtım, Vb Tarihi 1968.
300 ## - FİZİKSEL TANIM
Kapsam 167 s.:
Boyutlar 18 sm.
490 0# - SERİSİ TABLOSU
Seri Beyanı Araratın Küçük Kitapları;
Hacim / Ardışık Tanımı 5.
650 #0 - KONU KATMA GİRİŞ - TOPİKAL DÖNEM
9 (RLIN) 5112
Topikal Süreli Veya Coğrafi Ad Giriş Elemanı Rus Edebiyatı
Genel Alt Bölümü Mektuplar
700 ## - KATMA GİRİŞ - KİŞİSEL İSİM
9 (RLIN) 6456
Kişisel Ad Özalpsan, Zeyyad
Relator Terim çev.
942 ## - EKLENDİ GİRİŞ ELEMANLARI (KOHA)
Sınıflandırma Veya Raf Düzeni Kaynak Dewey Decimal Classification
Koha Öğesi Türü Books
Holdings
Kalıcı Konum Mevcut Konum Edinme Tarihi Toplam Check-Out'Lar Tam Çağrı Numarası Barkod Tarih Son Görülme İtibaren Geçerli Fiyatlar Sigara Kamu Notu Koha Öğesi Türü
CHP Kütüphanesi CHP Kütüphanesi 08/26/2020   891.73 G66g 1968 019456 08/26/2020 08/26/2020 Emine Başak Alkan Bağışıdır. Books